Elementos del cálculo de las probabilidades como complemento de la Aritmética ... / (Record no. 158938)

MARC details
000 -LEADER
campo de control de longitud fija 00815nam a2200193 i 4500
001 - NÚMERO DE CONTROL
campo de control 158938
003 - IDENTIFICADOR DE NÚMERO DE CONTROL
campo de control ES-MaACL
005 - FECHA Y HORA DE LA ÚLTIMA TRANSACCIÓN
campo de control 20250903005841.0
008 - DATOS DE LONGITUD FIJA--INFORMACIÓN GENERAL
campo de control de longitud fija 000627s1867 sp |||| | spa d
040 ## - FUENTE DE CATALOGACIÓN
Centro catalogador/agencia de origen CCPB | B
Lengua de catalogación spa
Centro/agencia transcriptor CCPB | B
100 1# - ENTRADA PRINCIPAL--NOMBRE DE PERSONA
Nombre de persona Martínez Alcibar, Agustín,
Fechas asociadas al nombre 1810-1872
9 (RLIN) 129618
245 10 - MENCIÓN DEL TÍTULO
Título Elementos del cálculo de las probabilidades como complemento de la Aritmética ... /
Mención de responsabilidad, etc. por Agustín Martínez Alcíbar.
260 ## - PUBLICACIÓN, DISTRIBUCIÓN, ETC.
Lugar de publicación, distribución, etc. Madrid :
Nombre del editor, distribuidor, etc. [s.n.],
Fecha de publicación, distribución, etc. 1867 (
Fabricante imprenta de J. Fernández y Compañía)
300 ## - DESCRIPCIÓN FÍSICA
Extensión 158 p. ;
Dimensiones 23 cm.
650 #7 - PUNTO DE ACCESO ADICIONAL DE MATERIA--TÉRMINO DE MATERIA
Término de materia o nombre geográfico como elemento de entrada Cálculo
Fuente del encabezamiento o término embne
9 (RLIN) 10668
650 #7 - PUNTO DE ACCESO ADICIONAL DE MATERIA--TÉRMINO DE MATERIA
Término de materia o nombre geográfico como elemento de entrada Aritmética
Fuente del encabezamiento o término embne
9 (RLIN) 9963
852 ## - LOCALIZACIÓN
Ubicación ES-MaACL
Nota libre T-334-F-6
-- -- Enc. hol.
condición física -- Falto de la cub. original
Nota libre -- Enc. en un vol. facticio
Encuadernación -- Edic.: añadir T650 Libros de texto
Holdings
Estatus retirado Estado de pérdida Estado de daño No para préstamo Colección Biblioteca de origen Biblioteca actual Ubicación en estantería Fecha de adquisición Total de préstamos Signatura topográfica completa Código de barras Visto por última vez Precio de reemplazo Tipo de ítem Koha
        Colección de folletos Biblioteca del Ateneo de Madrid Biblioteca del Ateneo de Madrid Depósito folletos 17/01/2008   T-334-F-6 1166362 23/02/2023 23/02/2023 Folleto